Cuba (Record no. 5543)
[ view plain ]
| 000 -LEADER | |
|---|---|
| fixed length control field | 00590nam a22001937a 4500 |
| 005 - DATE AND TIME OF LATEST TRANSACTION | |
| control field | 20250519152216.0 |
| 008 - FIXED-LENGTH DATA ELEMENTS--GENERAL INFORMATION | |
| fixed length control field | 250519b |||||||| |||| 00| 0 eng d |
| 040 ## - CATALOGING SOURCE | |
| Transcribing agency | DepED Dasmarinas City |
| 245 ## - TITLE STATEMENT | |
| Title | Cuba |
| 250 ## - EDITION | |
| Edition statement | June 1999 Vol. 195 No. 6 |
| 490 ## - SERIES STATEMENT | |
| SERIES STATEMENT | National Geographic |
| 520 ## - SUMMARY, ETC. | |
| Summary, etc. | Cuba, The Rebirth of Old Havana, A Dinosaur Named Sue, John Glenn: Man With a Mission, Tam Dao- Sanctuary Under Siege, Ancient Art of the Sahara, Deep Soul of the New River |
| 650 ## - SUBJECT ADDED ENTRY--TOPICAL TERM | |
| General subdivision | EVOLUTION |
| 650 ## - SUBJECT ADDED ENTRY--TOPICAL TERM | |
| General subdivision | DINOSAUR |
| 650 ## - SUBJECT ADDED ENTRY--TOPICAL TERM | |
| General subdivision | SPACE |
| 650 ## - SUBJECT ADDED ENTRY--TOPICAL TERM | |
| General subdivision | SANCTUARY |
| 650 ## - SUBJECT ADDED ENTRY--TOPICAL TERM | |
| General subdivision | DISCOVERY |
| 942 ## - ADDED ENTRY ELEMENTS (KOHA) | |
| Source of classification or shelving scheme | Dewey Decimal Classification |
| Koha item type | Continuing Resources |
| 999 ## - | |
| -- | 5543 |
| -- | 5543 |
| Homebranch | current branch | Barcode |
|---|---|---|
| DepED Dasmarinas City | DepED Dasmarinas City | DSMSR061999-42 |
